[Event "OLBA 2122 SV Hockenheim - SC Viernheim"]
[Site "?"]
[Date "2022.05.15"]
[Round "5.3"]
[White "Beikert, Guenther"]
[Black "Nekrasov, Mihail"]
[Result "1/2-1/2"]
[WhiteElo "2369"]
[BlackElo "2275"]
[PlyCount "79"]
[EventDate "2022.??.??"]

1. e4 d5 2. exd5 Qxd5 3. Nf3 Bg4 4. Be2 Nc6 5. h3 Bxf3 6. Bxf3 Qe6+ 7. Qe2 Nd4
8. Qxe6 Nxf3+ 9. gxf3 fxe6 10. O-O Nh6 11. Re1 Nf5 12. Re4 Rd8 13. Na3 g6 14.
d3 Bg7 15. Rb1 a6 16. Bf4 c6 17. Bg3 b5 18. Kg2 Kf7 19. b3 c5 20. Rbe1 Bc3 21.
Rd1 Rc8 22. Nb1 Bf6 23. Nd2 Rhd8 24. Nf1 c4 25. bxc4 bxc4 26. Ne3 cxd3 27. Rxd3
Rxd3 28. cxd3 Nxe3+ 29. Rxe3 Rc2 30. a4 Ra2 31. Re4 Ra3 32. Bf4 Rxd3 33. Be3
Bc3 34. Rh4 h5 35. Rc4 a5 36. Rc7 Bb4 37. Bc5 Rc3 38. Rxe7+ Kf6 39. Bxb4 axb4
40. Rb7 1/2-1/2

[Event "OLBA 2122 SV Hockenheim - SC Viernheim"]
[Site "?"]
[Date "2022.05.15"]
[Round "5.4"]
[White "Moeldner, Juergen"]
[Black "Muetsch, Annmarie"]
[Result "1-0"]
[WhiteElo "2232"]
[BlackElo "2275"]
[PlyCount "114"]
[EventDate "2022.??.??"]

1. e4 e5 2. Nf3 Nc6 3. Bc4 Bc5 4. d3 Nf6 5. Nc3 h6 6. a3 a5 7. Be3 Ba7 8. h3 d6
9. Bxa7 Rxa7 10. d4 Qe7 11. O-O O-O 12. Re1 Ra8 13. Nd5 Qd8 14. c3 Re8 15. Qd3
Nb8 16. Rad1 Nbd7 17. Ba2 c6 18. Nxf6+ Qxf6 19. Re3 Qe7 20. Nd2 Nf6 21. Qe2 b5
22. Bb1 Bd7 23. Nf1 Rad8 24. Ng3 g6 25. Qd2 h5 26. Ree1 h4 27. Nf1 Nh5 28. Qh6
Qf6 29. Nh2 Nf4 30. Re3 Nh5 31. Nf3 Bc8 32. Ba2 Be6 33. d5 cxd5 34. Bxd5 Bxd5
35. Rxd5 b4 36. Rxa5 bxa3 37. Rxa3 d5 38. exd5 Rxd5 39. Ra1 e4 40. Rae1 Ng7 41.
Rxe4 Rxe4 42. Rxe4 Rd1+ 43. Re1 Qxf3 44. gxf3 Rxe1+ 45. Kg2 Re2 46. Qc1 Ne6 47.
Kf1 Re5 48. b4 Rf5 49. Qe3 Ng5 50. Kg2 Ne6 51. c4 Rf4 52. Qc3 Rd4 53. c5 Rd3
54. Qe5 Rb3 55. Qe4 g5 56. c6 Rb2 57. c7 Nxc7 1-0

[Event "OLBA 2122 SV Hockenheim - SC Viernheim"]
[Site "?"]
[Date "2022.05.15"]
[Round "5.5"]
[White "Engemann, Till"]
[Black "Guenthner, Oliver"]
[Result "1/2-1/2"]
[WhiteElo "2082"]
[BlackElo "2142"]
[PlyCount "98"]
[EventDate "2022.??.??"]

1. d4 d5 2. c4 e6 3. Nc3 Nf6 4. cxd5 exd5 5. Bg5 Be7 6. e3 O-O 7. Bd3 c6 8. Qc2
Nbd7 9. Nge2 Re8 10. O-O Nf8 11. Rae1 Nh5 12. Bxe7 Rxe7 13. Ng3 Nxg3 14. hxg3
Bg4 15. f3 Bh5 16. Kf2 Bg6 17. Rh1 Qd6 18. Ne2 Bxd3 19. Qxd3 Rae8 20. Nf4 g6
21. Qc3 Nd7 22. g4 f6 23. Qc2 Nf8 24. Re2 Kg7 25. Qb1 Kg8 26. Rh6 Rg7 27. b4 a6
28. Rh1 Rge7 29. a4 Kg7 30. Qb3 Ne6 31. Nxe6+ Rxe6 32. b5 axb5 33. axb5 R6e7
34. Rc1 Rc7 35. Rec2 Rec8 36. bxc6 bxc6 37. Qb6 Kf7 38. Rc5 Qd7 39. Rb1 Ra7 40.
e4 Rcc7 41. Rbc1 dxe4 42. d5 Rcb7 43. Qxc6 exf3 44. Qxd7+ Rxd7 45. gxf3 Ra2+
46. Ke3 Ra3+ 47. Kd4 Rxf3 48. Rc7 Ke7 49. Rc8 Rf2 1/2-1/2

[Event "OLBA 2122 SV Hockenheim - SC Viernheim"]
[Site "?"]
[Date "2022.05.15"]
[Round "5.6"]
[White "Hierholz, Bernd"]
[Black "Schmohel, Andreas"]
[Result "1/2-1/2"]
[WhiteElo "2122"]
[BlackElo "1930"]
[PlyCount "98"]
[EventDate "2022.??.??"]

1. e4 e5 2. Nf3 Nc6 3. Nc3 Nf6 4. d4 exd4 5. Nxd4 Bb4 6. Nxc6 bxc6 7. Bd3 O-O
8. O-O Re8 9. Qf3 Rb8 10. Bg5 Be7 11. h3 Rxb2 12. Rad1 d6 13. Bc1 Rb8 14. e5
Nd7 15. Rfe1 d5 16. e6 fxe6 17. Rxe6 Nf8 18. Ree1 Bb4 19. Bd2 Be6 20. Ne2 Bxd2
21. Rxd2 Bf7 22. Red1 Ng6 23. Nd4 Ne5 24. Qg3 Qf6 25. Nb3 Bh5 26. Rc1 Qh6 27.
f4 Nxd3 28. cxd3 Rf8 29. Rf2 Rb4 30. d4 Qf6 31. Qe3 Bg6 32. Qd2 Rbb8 33. Nc5
Qd6 34. Re1 Rbe8 35. Re5 Rxe5 36. fxe5 Qe7 37. Rf4 Rb8 38. Kh2 h6 39. Qa5 Rb2
40. a4 Qg5 41. Rg4 Qf5 42. Qxc7 h5 43. Qd8+ Kh7 44. Qh4 Qf1 45. Ne6 Rb1 46.
Ng5+ Kg8 47. Nf3 hxg4 48. Qd8+ Kh7 49. Qh4+ Kg8 1/2-1/2

[Event "OLBA 2122 SV Hockenheim - SC Viernheim"]
[Site "?"]
[Date "2022.05.15"]
[Round "5.7"]
[White "Roettig, Hans-Peter"]
[Black "Ptak, Ferdinand"]
[Result "1-0"]
[WhiteElo "2062"]
[BlackElo "2058"]
[PlyCount "59"]
[EventDate "2022.??.??"]

1. e4 c5 2. d4 cxd4 3. c3 Nf6 4. e5 Nd5 5. Nf3 e6 6. cxd4 d6 7. a3 Be7 8. Bd3
Bd7 9. Qe2 Bc6 10. Bd2 Nd7 11. Nc3 Nxc3 12. Bxc3 dxe5 13. dxe5 O-O 14. h4 h6
15. Rd1 Re8 16. Bb1 Qc7 17. Rh3 Nf8 18. Rg3 Rad8 19. Rd6 Rd7 20. Qe3 Kh8 21.
Qf4 Red8 22. Qg4 Ng6 23. Bxg6 Bxd6 24. exd6 Qxd6 25. Bc2 f5 26. Bxg7+ Kg8 27.
Qg6 Qxg3 28. fxg3 Rxg7 29. Qxe6+ Kf8 30. Qf6+ 1-0

[Event "OLBA 2122 SV Hockenheim - SC Viernheim"]
[Site "?"]
[Date "2022.05.15"]
[Round "5.8"]
[White "Fricke, Michael"]
[Black "Martin, Stefan"]
[Result "0-1"]
[WhiteElo "1830"]
[BlackElo "2136"]
[PlyCount "62"]
[EventDate "2022.??.??"]

1. e4 c5 2. c3 Nf6 3. e5 Nd5 4. d4 cxd4 5. Qxd4 e6 6. Nf3 Nc6 7. Qe4 d6 8. Nbd2
f5 9. exf6 Nxf6 10. Qd3 d5 11. Nb3 e5 12. Qd1 Bd6 13. Bg5 e4 14. Nfd4 O-O 15.
Nxc6 bxc6 16. Be2 Qc7 17. h3 h6 18. Be3 c5 19. O-O Bb7 20. Qc2 Rae8 21. Rad1
Re7 22. Nc1 Nd7 23. Qa4 a6 24. Nb3 c4 25. Nd4 Nc5 26. Qc2 Nd3 27. Bxd3 exd3 28.
Qd2 Bc8 29. b4 Rf6 30. Kh1 Bxh3 31. gxh3 Qd7 0-1

[Event "OLBA 2122 OSG Baden-Baden III - SGR Kup"]
[Site "?"]
[Date "2022.05.15"]
[Round "5.1"]
[White "Grosshans, Ralf-Michael"]
[Black "Milov, Vadim"]
[Result "0-1"]
[WhiteElo "2084"]
[BlackElo "2600"]
[PlyCount "50"]
[EventDate "2022.??.??"]

1. e4 c5 2. Nc3 Nc6 3. f4 g6 4. Nf3 Bg7 5. Bc4 e6 6. f5 Nge7 7. fxe6 fxe6 8.
O-O O-O 9. d3 d5 10. exd5 exd5 11. Bb3 h6 12. Bd2 Bg4 13. h3 Bxf3 14. Rxf3 Qd7
15. Ba4 a6 16. Bxc6 Nxc6 17. Rxf8+ Rxf8 18. Ne2 Qf5 19. Kh1 Bxb2 20. Bxh6 Rf7
21. Rb1 Be5 22. Qd2 Bd6 23. Be3 d4 24. Bg1 Qd5 25. Qh6 Ne7 0-1

[Event "OLBA 2122 OSG Baden-Baden III - SGR Kup"]
[Site "?"]
[Date "2022.05.15"]
[Round "5.2"]
[White "Schlosser, Philipp"]
[Black "Karcher, Patrick"]
[Result "1-0"]
[WhiteElo "2498"]
[BlackElo "2122"]
[PlyCount "63"]
[EventDate "2022.??.??"]

1. Nf3 Nf6 2. c4 g6 3. Nc3 Bg7 4. e4 d6 5. d4 O-O 6. Be2 e5 7. O-O exd4 8. Nxd4
Re8 9. f3 Nbd7 10. Be3 Nc5 11. Qd2 a5 12. Rad1 a4 13. Kh1 h5 14. Ndb5 Ne6 15.
c5 dxc5 16. Qxd8 Rxd8 17. Rxd8+ Nxd8 18. Nxc7 Ra5 19. N3b5 a3 20. Bd2 Ra4 21.
b3 Nxe4 22. fxe4 Rxe4 23. Bf3 Re7 24. Nd5 Rd7 25. Na7 Nc6 26. Nxc8 Nd4 27. Ncb6
Rd6 28. b4 Nxf3 29. Rxf3 c4 30. Rxa3 c3 31. Bxc3 Bxc3 32. Rxc3 1-0

[Event "OLBA 2122 OSG Baden-Baden III - SGR Kup"]
[Site "?"]
[Date "2022.05.15"]
[Round "5.3"]
[White "Metz, Hartmut"]
[Black "Kachiani-Gersinska, Ketino"]
[Result "0-1"]
[WhiteElo "2205"]
[BlackElo "2293"]
[PlyCount "120"]
[EventDate "2022.??.??"]

1. e4 c6 2. d4 d5 3. e5 Bf5 4. h4 h6 5. g4 Bd7 6. Be3 Qb6 7. Nd2 h5 8. gxh5 Nh6
9. Nb3 Bg4 10. Be2 Bxe2 11. Nxe2 e6 12. Nf4 Nd7 13. Qe2 a5 14. Nd3 a4 15. Nbc5
Nxc5 16. dxc5 Qb5 17. Bxh6 Rxh6 18. a3 Qc4 19. Kd2 Qe4 20. Rag1 Qxe2+ 21. Kxe2
Rxh5 22. Rg5 Rh6 23. Rg4 f5 24. Rg2 Kf7 25. h5 Be7 26. Rhg1 Rg8 27. Rg6 Rxh5
28. Nf4 Rh4 29. Kf3 Bxc5 30. Nxe6 Rg4 31. Nf4 Rxg1 32. Rxg1 g5 33. Nd3 Be7 34.
Rh1 Kg7 35. Ke3 Rh8 36. Rxh8 Kxh8 37. Kd4 b6 38. b3 Kg7 39. bxa4 Kf7 40. c4
dxc4 41. Kxc4 Bxa3 42. f4 g4 43. Ne1 Bc1 44. Ng2 Ke6 45. Kd4 Bb2+ 46. Kc4 Ba3
47. Nh4 Bf8 48. Ng2 Be7 49. Ne1 Bh4 50. Ng2 Bf2 51. Kd3 b5 52. a5 Ba7 53. a6 c5
54. Nh4 c4+ 55. Kc3 Bc5 56. Ng2 Kd5 57. Nh4 b4+ 58. Kd2 g3 59. Ng2 Kc6 60. Ne3
c3+ 0-1

[Event "OLBA 2122 OSG Baden-Baden III - SGR Kup"]
[Site "?"]
[Date "2022.05.15"]
[Round "5.4"]
[White "Schulz, Vladimir"]
[Black "Klumpp, Jochen"]
[Result "1-0"]
[WhiteElo "2110"]
[BlackElo "2075"]
[PlyCount "51"]
[EventDate "2022.??.??"]

1. e4 g6 2. d4 Bg7 3. Bc4 c6 4. Qf3 e6 5. e5 d5 6. Bd3 c5 7. c3 Nc6 8. Ne2 Qb6
9. O-O cxd4 10. cxd4 Bd7 11. Nbc3 Nb4 12. Bb1 Ne7 13. Bg5 Nf5 14. Bxf5 gxf5 15.
Nf4 h6 16. Bh4 Nc6 17. Nh5 Rg8 18. Qg3 Kf8 19. Bf6 Bxf6 20. Nxf6 Rxg3 21. Nxd7+
Ke7 22. Nxb6 Rxc3 23. Nxa8 Rc2 24. Rfc1 Rd2 25. Rd1 Rc2 26. Rac1 1-0

[Event "OLBA 2122 OSG Baden-Baden III - SGR Kup"]
[Site "?"]
[Date "2022.05.15"]
[Round "5.5"]
[White "Merklinger, Markus"]
[Black "Wu, Luka"]
[Result "1/2-1/2"]
[WhiteElo "2084"]
[BlackElo "2104"]
[PlyCount "39"]
[EventDate "2022.??.??"]

1. d4 Nf6 2. Bf4 d5 3. e3 e6 4. Nd2 c5 5. c3 Be7 6. h3 O-O 7. Ngf3 b6 8. Ne5
Nfd7 9. Ndf3 f6 10. Nxd7 Qxd7 11. Bd3 Ba6 12. Bxa6 Nxa6 13. O-O c4 14. Qe2 Bd6
15. Bxd6 Qxd6 16. e4 Qc6 17. exd5 exd5 18. Rfe1 Rfe8 19. Qd2 Nc7 20. Rxe8+
1/2-1/2

[Event "OLBA 2122 OSG Baden-Baden III - SGR Kup"]
[Site "?"]
[Date "2022.05.15"]
[Round "5.6"]
[White "Wu, Leon"]
[Black "Kick, Joachim"]
[Result "1/2-1/2"]
[WhiteElo "2005"]
[BlackElo "2122"]
[PlyCount "41"]
[EventDate "2022.??.??"]

1. e4 e5 2. Nf3 Nc6 3. Bb5 a6 4. Ba4 Nf6 5. O-O Be7 6. Re1 b5 7. Bb3 O-O 8. d3
d6 9. c3 Na5 10. Bc2 c5 11. Nbd2 Nc6 12. Nf1 h6 13. Ng3 Re8 14. a4 Be6 15. Be3
d5 16. d4 cxd4 17. cxd4 exd4 18. Nxd4 Nxd4 19. Bxd4 dxe4 20. Nxe4 Nxe4 21. Bxe4
1/2-1/2

[Event "OLBA 2122 OSG Baden-Baden III - SGR Kup"]
[Site "?"]
[Date "2022.05.15"]
[Round "5.7"]
[White "Lorenz, Michael"]
[Black "Schmitt, Daniel"]
[Result "0-1"]
[WhiteElo "1928"]
[BlackElo "2141"]
[PlyCount "110"]
[EventDate "2022.??.??"]

1. Nf3 d5 2. c4 d4 3. b4 c5 4. bxc5 Nc6 5. e3 e5 6. exd4 exd4 7. Ba3 Nf6 8. g3
Bf5 9. d3 Bxc5 10. Qe2+ Kd7 11. Qd2 Bxa3 12. Nxa3 Qe7+ 13. Be2 Qxa3 14. O-O
Rhe8 15. Qf4 Bg6 16. Nxd4 Qd6 17. Bg4+ Nxg4 18. Qxg4+ f5 19. Nxf5 Qe6 20. Ne3
Qxg4 21. Nxg4 Kc7 22. Rfd1 Bh5 23. h3 Rad8 24. Rd2 Bxg4 25. hxg4 Ne5 26. Kg2
Nxd3 27. Rad1 Ne5 28. Rd4 Nc6 29. Rd5 Rxd5 30. Rxd5 Re5 31. Rd3 a5 32. Rf3 Kd6
33. Rf7 Re7 34. Rf5 Ne5 35. c5+ Ke6 36. f4 Nxg4 37. Rg5 Nf6 38. c6 bxc6 39.
Rxa5 Rc7 40. Kf3 c5 41. Ke2 Kd5 42. Kd1 Ne4 43. Ra3 Kd4 44. Kc2 c4 45. g4 Rf7
46. Rf3 Ra7 47. a3 Rb7 48. a4 c3 49. Rd3+ Kc4 50. Rd8 Rb2+ 51. Kc1 Nc5 52. Rc8
Ra2 53. f5 Kd3 54. Rd8+ Ke4 55. g5 Nb3+ 0-1

[Event "OLBA 2122 OSG Baden-Baden III - SGR Kup"]
[Site "?"]
[Date "2022.05.15"]
[Round "5.8"]
[White "Schulz, Victor"]
[Black "Gantner, Ralf"]
[Result "0-1"]
[WhiteElo "1519"]
[BlackElo "1817"]
[PlyCount "82"]
[EventDate "2022.??.??"]

1. e4 e5 2. Nf3 Nc6 3. Bc4 Nf6 4. Ng5 d5 5. exd5 Na5 6. Bb5+ c6 7. dxc6 bxc6 8.
Bd3 h6 9. Ne4 Nd5 10. O-O Be7 11. Be2 O-O 12. d3 f5 13. Nec3 Qc7 14. Bf3 Be6
15. Nxd5 cxd5 16. Nc3 Rad8 17. g3 Nc6 18. Bg2 Bf6 19. Ne2 g5 20. f4 e4 21. d4
Nb4 22. Nc3 Qc4 23. Be3 Rb8 24. Qd2 Nc6 25. b3 Qb4 26. a3 Qa5 27. fxg5 hxg5 28.
b4 Qd8 29. Ne2 Rb7 30. Rad1 a5 31. c3 Rff7 32. Rb1 axb4 33. cxb4 Rh7 34. a4
Rbg7 35. Rbc1 Qe8 36. b5 Ne7 37. Nc3 Qh5 38. h3 f4 39. gxf4 gxf4 40. Bxf4 Qxh3
41. Rf2 Qh1# 0-1

[Event "OLBA 2122 BG Buchen - SF Bad Mergenthei"]
[Site "?"]
[Date "2022.05.15"]
[Round "5.1"]
[White "Ikonnikov, Vyacheslav"]
[Black "Galyas, Miklos"]
[Result "1/2-1/2"]
[WhiteElo "2494"]
[BlackElo "2466"]
[PlyCount "59"]
[EventDate "2022.??.??"]

1. d4 d5 2. Nf3 Nf6 3. c4 c6 4. Nc3 a6 5. a4 e6 6. Bg5 a5 7. e3 Be7 8. Be2 O-O
9. O-O Na6 10. Qb3 Nb4 11. Rac1 h6 12. Bxf6 Bxf6 13. Rfd1 b6 14. Na2 Nxa2 15.
Qxa2 Ba6 16. Bd3 Rc8 17. cxd5 Bxd3 18. Rxd3 cxd5 19. Rdc3 Rxc3 20. Rxc3 Qd7 21.
Qb3 Rc8 22. Ne1 Rxc3 23. bxc3 Qc8 24. g3 Qa6 25. Kg2 g5 26. h3 Kg7 27. Nf3 h5
28. g4 hxg4 29. hxg4 Bd8 30. Ne5 1/2-1/2

[Event "OLBA 2122 BG Buchen - SF Bad Mergenthei"]
[Site "?"]
[Date "2022.05.15"]
[Round "5.2"]
[White "Dobosz, Henryk"]
[Black "Kazakouski, Valery"]
[Result "0-1"]
[WhiteElo "2362"]
[BlackElo "2524"]
[PlyCount "70"]
[EventDate "2022.??.??"]

1. d4 Nf6 2. Nf3 e6 3. e3 c5 4. c4 Be7 5. Nc3 O-O 6. d5 exd5 7. cxd5 d6 8. e4
a6 9. a4 Bg4 10. Be2 Bxf3 11. Bxf3 Qc7 12. O-O c4 13. Be2 Nbd7 14. Qd4 Rac8 15.
Bg5 Rfe8 16. Rfe1 Bd8 17. Bf4 Qa5 18. Bxd6 Bb6 19. Qd2 Bxf2+ 20. Kxf2 Qb6+ 21.
Qe3 Qxd6 22. Kg1 Re7 23. Rad1 Rc5 24. a5 Rxa5 25. Bxc4 Ng4 26. e5 Rxe5 27. Ne4
Nxe3 28. Nxd6 Nxd1 29. Rxd1 Rc5 30. b4 Rc7 31. b5 axb5 32. Bxb5 Nb6 33. Ne8 Rc5
34. d6 Rxb5 35. Nc7 Nd7 0-1

[Event "OLBA 2122 BG Buchen - SF Bad Mergenthei"]
[Site "?"]
[Date "2022.05.15"]
[Round "5.3"]
[White "Rakotomaharo, Fy Antenaina"]
[Black "Eisenbeiser, Amadeus"]
[Result "1/2-1/2"]
[WhiteElo "2467"]
[BlackElo "2388"]
[PlyCount "48"]
[EventDate "2022.??.??"]

1. e4 d6 2. d4 Nf6 3. Nc3 e5 4. Nf3 Nbd7 5. Bc4 Be7 6. O-O O-O 7. Re1 a6 8. a4
b6 9. b3 Bb7 10. Ba3 c6 11. d5 c5 12. Nd2 Ne8 13. Bf1 g6 14. Nc4 f5 15. b4 cxb4
16. Bxb4 Qc7 17. Rb1 Rf7 18. Rb3 Nef6 19. exf5 gxf5 20. a5 b5 21. Ne3 Ne8 22.
f4 Nc5 23. fxe5 dxe5 24. Rb1 Nd6 1/2-1/2

[Event "OLBA 2122 BG Buchen - SF Bad Mergenthei"]
[Site "?"]
[Date "2022.05.15"]
[Round "5.4"]
[White "Miltner, Arndt"]
[Black "Neuman, Petr"]
[Result "1-0"]
[WhiteElo "2258"]
[BlackElo "2389"]
[PlyCount "67"]
[EventDate "2022.??.??"]

1. b3 e5 2. Bb2 Nc6 3. Nf3 d6 4. e3 g5 5. h3 Bg7 6. c4 h6 7. d4 Nge7 8. dxe5
Ng6 9. Nc3 Ngxe5 10. Nxe5 Nxe5 11. Be2 O-O 12. Qd2 f5 13. O-O-O Be6 14. f4 Nd7
15. Bf3 Rb8 16. g4 Nc5 17. gxf5 Bxf5 18. e4 Bh7 19. f5 Nd7 20. h4 Ne5 21. Bh5
g4 22. Rdg1 c6 23. Bxg4 Kh8 24. Bh5 Qf6 25. Rh3 a6 26. Ne2 d5 27. Rxg7 Kxg7 28.
Rg3+ Kh8 29. Qd4 Rbe8 30. Bxe8 Rxe8 31. Nf4 dxe4 32. Ne6 Rxe6 33. fxe6 Qf1+ 34.
Kd2 1-0

[Event "OLBA 2122 BG Buchen - SF Bad Mergenthei"]
[Site "?"]
[Date "2022.05.15"]
[Round "5.5"]
[White "Razafindratsima, Timothe"]
[Black "Hajnal, Zoltan"]
[Result "1/2-1/2"]
[WhiteElo "2415"]
[BlackElo "2386"]
[PlyCount "47"]
[EventDate "2022.??.??"]

1. e4 e5 2. Nf3 Nc6 3. d4 exd4 4. Nxd4 Nf6 5. Nxc6 bxc6 6. e5 Nd5 7. c4 Ne7 8.
Bd3 Ng6 9. O-O d6 10. Be4 Nxe5 11. f4 d5 12. cxd5 cxd5 13. Bc2 Bc5+ 14. Kh1 Ng4
15. b4 Bb6 16. Nc3 O-O 17. Qd3 Qh4 18. h3 c6 19. b5 g6 20. Qf3 Nf2+ 21. Kh2
Ng4+ 22. Kh1 Nf2+ 23. Kh2 Ng4+ 24. Kh1 1/2-1/2

[Event "OLBA 2122 BG Buchen - SF Bad Mergenthei"]
[Site "?"]
[Date "2022.05.15"]
[Round "5.7"]
[White "Gasthofer, Viktor"]
[Black "Greis, Bernhard"]
[Result "1/2-1/2"]
[WhiteElo "2303"]
[BlackElo "2038"]
[PlyCount "31"]
[EventDate "2022.??.??"]

1. c4 Nf6 2. Nc3 d5 3. cxd5 Nxd5 4. Nf3 g6 5. e4 Nxc3 6. bxc3 Bg7 7. d4 O-O 8.
Ba3 Nd7 9. Bc4 c5 10. O-O Qa5 11. Qb3 b5 12. Be2 c4 13. Qb2 Re8 14. Bb4 Qc7 15.
a4 Bb7 16. axb5 1/2-1/2

[Event "OLBA 2122 BG Buchen - SF Bad Mergenthei"]
[Site "?"]
[Date "2022.05.15"]
[Round "5.8"]
[White "Eisenbeiser, Karlheinz"]
[Black "Raps, Johannes"]
[Result "1/2-1/2"]
[WhiteElo "1909"]
[BlackElo "2114"]
[PlyCount "74"]
[EventDate "2022.??.??"]

1. e4 g6 2. d4 Bg7 3. Nc3 d6 4. f4 Nd7 5. Nf3 Nh6 6. Be3 O-O 7. Qd2 Ng4 8. Bg1
e5 9. dxe5 dxe5 10. h3 Ngf6 11. fxe5 Ne8 12. Bh2 c6 13. Bc4 b5 14. Bb3 Qe7 15.
O-O Nxe5 16. Nxe5 Bxe5 17. Bxe5 Qxe5 18. Qf4 Qxf4 19. Rxf4 Nc7 20. a4 Be6 21.
Bxe6 Nxe6 22. Rf2 b4 23. Ne2 Rad8 24. Ng3 Rd4 25. b3 Rfd8 26. Re1 c5 27. e5 Rd1
28. Rxd1 Rxd1+ 29. Kh2 Rd5 30. Re2 Nd4 31. Ne4 Kg7 32. Nf6 Rd8 33. Rf2 h5 34.
Ne4 Rd5 35. Nd6 Rxe5 36. Rxf7+ Kg8 37. Rxa7 Re2 1/2-1/2

[Event "OLBA 2122 Karlsruher SF 1853 - SK Ettli"]
[Site "?"]
[Date "2022.05.15"]
[Round "5.1"]
[White "Rosner, Jonas"]
[Black "Ruff, Maximilian"]
[Result "1-0"]
[WhiteElo "2469"]
[BlackElo "2316"]
[PlyCount "82"]
[EventDate "2022.??.??"]

1. e4 d6 2. d4 Nf6 3. Nc3 e5 4. Nf3 Nbd7 5. Bc4 Be7 6. O-O O-O 7. h3 c6 8. a4
h6 9. Qe2 exd4 10. Nxd4 Re8 11. Ba2 Bf8 12. Qf3 Ne5 13. Qd1 Ng6 14. Re1 a5 15.
f4 d5 16. e5 Bc5 17. Be3 Qb6 18. Kh1 Nh5 19. Qxh5 Bxd4 20. Bxd4 Qxd4 21. Rf1
Nxf4 22. Qf3 g5 23. g3 Bxh3 24. Rfd1 Bg2+ 25. Qxg2 Qxd1+ 26. Rxd1 Nxg2 27. Kxg2
Rxe5 28. Kf2 h5 29. Ne2 Re4 30. c4 dxc4 31. Bb1 Re5 32. Nc3 b5 33. Bc2 Kg7 34.
Ne2 b4 35. Nd4 Rd5 36. Nf5+ Kf6 37. Rxd5 cxd5 38. Nd4 Ke5 39. Nf3+ Kf6 40. Nd4
Ke5 41. Nc6+ Kd6 1-0

[Event "OLBA 2122 Karlsruher SF 1853 - SK Ettli"]
[Site "?"]
[Date "2022.05.15"]
[Round "5.3"]
[White "Werner, Clemens"]
[Black "Duschek, Volker"]
[Result "1/2-1/2"]
[WhiteElo "2262"]
[BlackElo "2277"]
[PlyCount "35"]
[EventDate "2022.??.??"]

1. e4 g6 2. d4 Bg7 3. Nc3 d6 4. f4 a6 5. a4 Nc6 6. Be3 Nf6 7. Be2 O-O 8. e5
dxe5 9. dxe5 Qxd1+ 10. Rxd1 Ng4 11. Bc5 f6 12. h3 Nh6 13. Bc4+ Kh8 14. e6 b6
15. Ba3 Nf5 16. Bd5 Bb7 17. Kf2 Nd6 18. Nf3 1/2-1/2

[Event "OLBA 2122 Karlsruher SF 1853 - SK Ettli"]
[Site "?"]
[Date "2022.05.15"]
[Round "5.4"]
[White "Pfatteicher, Lukas"]
[Black "Nippgen, Georg"]
[Result "1/2-1/2"]
[WhiteElo "2166"]
[BlackElo "2217"]
[PlyCount "81"]
[EventDate "2022.??.??"]

1. e4 c5 2. Nf3 e6 3. d4 cxd4 4. Nxd4 Nc6 5. Nc3 d6 6. Be3 Nf6 7. Qd2 Ng4 8.
Bg5 Qb6 9. Nb3 h6 10. Bh4 Bd7 11. O-O-O Na5 12. Nxa5 Qxa5 13. Be2 Nf6 14. Kb1
Qc5 15. f4 Bc6 16. Bf3 Be7 17. Bf2 Qa5 18. Rhe1 Nd7 19. Bd4 Rg8 20. Bg4 g5 21.
f5 e5 22. Bf2 Nf6 23. Nd5 Qxd2 24. Nxf6+ Bxf6 25. Rxd2 Ke7 26. c4 b6 27. h3
Rac8 28. Bf3 Bb7 29. b3 Rc6 30. Red1 Bg7 31. g4 a6 32. Rd3 Bf8 33. Be1 Kd7 34.
Bc3 f6 35. Bb4 b5 36. cxb5 axb5 37. Rc3 Rxc3 38. Bxc3 Be7 39. Kb2 Bd8 40. Bb4
Bc7 41. Rd3 1/2-1/2

[Event "OLBA 2122 Karlsruher SF 1853 - SK Ettli"]
[Site "?"]
[Date "2022.05.15"]
[Round "5.5"]
[White "Tschann, Stephan"]
[Black "Joeres, Stefan"]
[Result "1/2-1/2"]
[WhiteElo "2229"]
[BlackElo "2204"]
[PlyCount "140"]
[EventDate "2022.??.??"]

1. Nf3 c5 2. g3 Nc6 3. Bg2 g6 4. c4 Bg7 5. Nc3 e6 6. d4 cxd4 7. Nb5 d6 8. Nfxd4
Nxd4 9. Nxd4 a6 10. O-O Ne7 11. Be3 O-O 12. Qd2 e5 13. Nc2 Nf5 14. Rfd1 Qc7 15.
b3 Be6 16. Qb4 Nxe3 17. Nxe3 Rab8 18. Qxd6 Rfc8 19. Qxc7 Rxc7 20. Nd5 Bxd5 21.
Rxd5 Kf8 22. Rad1 Ke8 23. Bh3 b6 24. e4 Bf6 25. Bd7+ Kf8 26. h4 h5 27. Bh3 Ke8
28. Bd7+ Kf8 29. Bh3 Ke8 30. Kf1 Rd8 31. Ke2 Rc5 32. Rd7 Be7 33. Ra7 Rxd1 34.
Kxd1 a5 35. Bd7+ Kf8 36. Ra8+ Kg7 37. Ra7 Bd6 38. Bb5 Rc7 39. Ra8 Bc5 40. Ke2
Re7 41. Bc6 Rc7 42. Bd5 Rd7 43. Kf3 Rd6 44. Kg2 Rd7 45. Rb8 Rc7 46. f4 Re7 47.
Kf3 Kf6 48. a3 Bd4 49. Ra8 Bc5 50. Ra6 Kg7 51. b4 axb4 52. axb4 Bxb4 53. Rxb6
Bc5 54. Rb5 Bd6 55. c5 Bc7 56. Rb7 Kf6 57. c6 Bd6 58. Rxe7 Kxe7 59. f5 Bc7 60.
g4 hxg4+ 61. Kxg4 Kf6 62. Bc4 Bd8 63. Ba6 Bc7 64. Bc8 Bd8 65. Bd7 Bb6 66. Be8
Bd8 67. Kf3 gxf5 68. exf5 Kxf5 69. Bxf7 e4+ 70. Ke2 Bb6 1/2-1/2

[Event "OLBA 2122 Karlsruher SF 1853 - SK Ettli"]
[Site "?"]
[Date "2022.05.15"]
[Round "5.6"]
[White "Pfrommer, Christoph"]
[Black "Wehner, Roland"]
[Result "0-1"]
[WhiteElo "2284"]
[BlackElo "2267"]
[PlyCount "66"]
[EventDate "2022.??.??"]

1. d4 d6 2. Nf3 g6 3. c4 f5 4. e3 Nf6 5. b4 Bg7 6. Be2 O-O 7. O-O a5 8. b5 Ne4
9. Qc2 Nd7 10. Nbd2 Nxd2 11. Qxd2 e5 12. dxe5 dxe5 13. Ba3 Re8 14. Rfd1 e4 15.
Nd4 Ne5 16. Rac1 Qf6 17. c5 g5 18. Qc2 Qg6 19. f4 gxf4 20. exf4 Ng4 21. h3 Nf6
22. Bc4+ Kh8 23. Bb2 Nh5 24. Ne2 Be6 25. Kh2 Rg8 26. Rg1 Rad8 27. Bxe6 Qxe6 28.
Rcd1 Bxb2 29. Qxb2+ Qf6 30. Qxf6+ Nxf6 31. Rd4 Rd5 32. Rgd1 Rxc5 33. Rd8 Rxb5
0-1

[Event "OLBA 2122 Karlsruher SF 1853 - SK Ettli"]
[Site "?"]
[Date "2022.05.15"]
[Round "5.7"]
[White "Zeier, Klaus"]
[Black "Hirschberg, Valerian"]
[Result "0-1"]
[WhiteElo "2189"]
[BlackElo "2240"]
[PlyCount "104"]
[EventDate "2022.??.??"]

1. e4 c5 2. Nf3 Nc6 3. Bb5 g6 4. O-O Bg7 5. c3 Nf6 6. Re1 O-O 7. h3 e5 8. d4
cxd4 9. cxd4 exd4 10. e5 Nd5 11. Bg5 Qb6 12. Bc4 Nc7 13. Nbd2 Ne6 14. Bxe6 fxe6
15. Nc4 Qc5 16. Rc1 Qd5 17. a4 b6 18. b4 Nxb4 19. Be7 Rxf3 20. gxf3 Na2 21. Rc2
Nc3 22. Ne3 Qxe5 23. Ng4 Qf5 24. Rxc3 dxc3 25. Bf6 c2 26. Qd4 Bf8 27. Be7 Qxf3
28. Bxf8 Kxf8 29. Qh8+ Ke7 30. Qxh7+ Kd6 31. Qg7 Kc7 32. Qe5+ d6 33. Qg7+ Kb8
34. Qd4 Qc6 35. Rc1 a5 36. Qb2 Bb7 37. Kf1 Qh1+ 38. Ke2 Qxh3 39. Ne3 Qf3+ 40.
Ke1 Ka7 41. Rxc2 Rc8 42. Rxc8 Bxc8 43. Qg7+ Bb7 44. Qxg6 Qe4 45. Qf7 d5 46. Kd1
e5 47. Qc7 Qd4+ 48. Ke1 e4 49. Qd7 Qc3+ 50. Kf1 d4 51. Nf5 Qc1+ 52. Kg2 e3+ 0-1

[Event "OLBA 2122 Karlsruher SF 1853 - SK Ettli"]
[Site "?"]
[Date "2022.05.15"]
[Round "5.8"]
[White "Fidlin, Simon"]
[Black "Fucik, Timo"]
[Result "1-0"]
[WhiteElo "1992"]
[BlackElo "1993"]
[PlyCount "51"]
[EventDate "2022.??.??"]

1. e4 c5 2. Nf3 d6 3. d4 cxd4 4. Nxd4 Nf6 5. Nc3 a6 6. Be2 e5 7. Nb3 Be6 8. f4
Nc6 9. f5 Bxb3 10. axb3 Nd4 11. Be3 Nxe2 12. Qxe2 Be7 13. O-O-O Rc8 14. Nd5 Qa5
15. Nxf6+ Bxf6 16. Kb1 Rc6 17. g4 Qb4 18. g5 Bd8 19. Bc1 Bb6 20. Rd3 a5 21.
Rhd1 Bc5 22. Rh3 Ra6 23. Bd2 Qb6 24. g6 f6 25. Rxh7 Rg8 26. Qc4 1-0

[Event "OLBA 2122 SV Hockenheim - SC Emmendinge"]
[Site "?"]
[Date "2022.06.18"]
[Round "6.1"]
[White "Korpa, Bence"]
[Black "Baramidze, David"]
[Result "0-1"]
[WhiteElo "2542"]
[BlackElo "2603"]
[PlyCount "58"]
[EventDate "2022.??.??"]

1. c4 Nf6 2. Nc3 d5 3. cxd5 Nxd5 4. e4 Nxc3 5. bxc3 c5 6. Bc4 Nc6 7. f4 Qc7 8.
Nf3 e6 9. O-O Be7 10. Qe2 a6 11. d4 b5 12. Bd3 cxd4 13. cxd4 Nb4 14. Bb1 O-O
15. Bb2 Bb7 16. a3 Nc6 17. d5 Na5 18. Kh1 Nc4 19. Nd4 exd5 20. Nf5 f6 21. exd5
Bc5 22. Bc3 Rad8 23. Qh5 g6 24. Qg5 Rxd5 25. Bxf6 Rxf6 26. Qxf6 gxf5 27. Re1
Qg7 28. Re8+ Bf8 29. Qe6+ Kh8 0-1